000 00497nam a22001697a 4500
008 170318s2016 gt||||| |||| 00| 0 spa d
082 0 4 _a861
_bS712a
100 1 _aMoho.
_95716
245 1 0 _aArtefacto poético /
_cMoho ; ilustraciones por Svankmajer.
250 _a1a ed.
260 _aGuatemala :
_bEdiciones Bizarras,
_c2016.
300 _a22 p.
_bil.
653 1 0 _aLiteratura
653 1 0 _aLiteratura Latinoamericana
653 1 0 _aPoesía - Guatemala
700 1 _aSvankmajer.
_eilustrador.
_95749
999 _c1151
_d1151